[Event "ESP-ch U14"]
[Site "Granada"]
[Date "2009.07.11"]
[Round "7"]
[White "Iglesias Garcia, Jorge"]
[Black "Pintor Munoz, Antonio"]
[Result "0-1"]
[WhiteElo "1606"]
[BlackElo "2278"]
[PlyCount "50"]
[EventDate "2009.07.07"]
[EventType "swiss"]
[EventRounds "9"]
[EventCountry "ESP"]
[SourceTitle "CBM 131 Extra"]
[Source "ChessBase"]
[SourceDate "2009.09.03"]
[SourceVersion "2"]
[SourceVersionDate "2009.09.16"]
[SourceQuality "1"]

1. d4 e6 2. e4 d5 3. exd5 exd5 4. Bd3 Nc6 5. c3 Bd6 6. Nf3 Bg4 7. h3 Bh5 8. Be3 Qd7 9. Nbd2 Nge7 10. Qc2 0-0-0 11. 0-0-0 Bg6 12. Bxg6 hxg6 13. Rhe1 Nf5 14. Ne5 Nxe3 15. Rxe3 Bxe5 16. dxe5 d4 17. cxd4 Nxd4 18. Qc4 Qf5 19. Nf3 Nxf3 20. Rxf3 Rxd1+ 21. Kxd1 Qb1+ 22. Kd2 Qxb2+ 23. Kd3 Rd8+ 24. Ke4 Qb1+ 25. Kf4 Qf5+ 0-1

[Event "ESP-ch U14"]
[Site "Granada"]
[Date "2009.07.09"]
[Round "4"]
[White "Gomez Dieguez, David"]
[Black "Pintor Munoz, Antonio"]
[Result "0-1"]
[WhiteElo "1795"]
[BlackElo "2278"]
[PlyCount "48"]
[EventDate "2009.07.07"]
[EventType "swiss"]
[EventRounds "9"]
[EventCountry "ESP"]
[SourceTitle "CBM 131 Extra"]
[Source "ChessBase"]
[SourceDate "2009.09.03"]
[SourceVersion "2"]
[SourceVersionDate "2009.09.16"]
[SourceQuality "1"]

1. e4 e6 2. Nf3 d5 3. e5 c5 4. b4 cxb4 5. a3 Nc6 6. axb4 Bxb4 7. c3 Be7 8. d4 Nh6 9. Bd3 Nf5 10. Ba3 0-0 11. 0-0 f6 12. Qc2 fxe5 13. dxe5 h6 14. Bxe7 Qxe7 15. Ra4 Bd7 16. Rg4 Rac8 17. Qd2 Kh8 18. Rg6 Be8 19. Bxf5 Rxf5 20. Rxh6+ gxh6 21. Qxh6+ Kg8 22. Nh4 Rh5 23. Ng6 Rxh6 24. Nxe7+ Nxe7 0-1

[Event "EU-ch U14 18th"]
[Site "Herceg Novi"]
[Date "2008.09.19"]
[Round "5"]
[White "Pintor Munoz, Antonio"]
[Black "Lagarde, Maxime"]
[Result "0-1"]
[WhiteElo "2076"]
[BlackElo "2322"]
[PlyCount "94"]
[EventDate "2008.09.15"]
[EventType "swiss"]
[EventRounds "9"]
[EventCountry "MNE"]
[SourceTitle "CBM 126 Extra"]
[Source "ChessBase"]
[SourceDate "2008.11.05"]
[SourceVersion "1"]
[SourceVersionDate "2008.11.05"]
[SourceQuality "1"]

1. d4 Nf6 2. c4 g6 3. Nc3 d5 4. cxd5 Nxd5 5. e4 Nxc3 6. bxc3 Bg7 7. Bc4 c5 8. Ne2 0-0 9. 0-0 Nc6 10. Be3 Qc7 11. Bd3 Rd8 12. Qc1 Ne5 13. Bc2 cxd4 14. cxd4 Ng4 15. Bf4 e5 16. dxe5 Be6 17. Bb3 Qxc1 18. Raxc1 Bxb3 19. axb3 Nxe5 20. Rc7 b6 21. h3 Nd3 22. Be3 Be5 23. Rc2 Bd6 24. Rd1 Nc5 25. Bxc5 Bxc5 26. Rd5 Rxd5 27. exd5 Rd8 28. Nc3 Bd4 29. Nb5 Rxd5 30. Nxa7 Bc5 31. Nc6 Rd1+ 32. Kh2 Rb1 33. b4 Bxb4 34. Nxb4 Rxb4 35. Rc8+ Kg7 36. Rb8 h5 37. g3 g5 38. Rb7 Kg6 39. Kg2 f6 40. Kh2 Kf5 41. Kg2 Rb5 42. Rb8 g4 43. h4 Ke4 44. Rb7 Kd5 45. Rf7 Ke6 46. Rb7 Kd6 47. Rf7 Rf5 0-1

[Event "EU-ch U14 18th"]
[Site "Herceg Novi"]
[Date "2008.09.18"]
[Round "4"]
[White "Pintor Munoz, Antonio"]
[Black "Wieczorek, Oskar"]
[Result "1/2-1/2"]
[WhiteElo "2076"]
[BlackElo "2232"]
[PlyCount "50"]
[EventDate "2008.09.15"]
[EventType "swiss"]
[EventRounds "9"]
[EventCountry "MNE"]
[SourceTitle "CBM 126 Extra"]
[Source "ChessBase"]
[SourceDate "2008.11.05"]
[SourceVersion "1"]
[SourceVersionDate "2008.11.05"]
[SourceQuality "1"]

1. d4 Nf6 2. c4 c5 3. d5 b5 4. cxb5 a6 5. bxa6 g6 6. Nc3 Bxa6 7. e4 Bxf1 8. Kxf1 d6 9. Nf3 Nbd7 10. g3 Bg7 11. Kg2 0-0 12. Re1 Qa5 13. e5 Ng4 14. exd6 exd6 15. Bf4 Rfb8 16. Re2 Qa6 17. Rc1 Nge5 18. Nxe5 Nxe5 19. Bxe5 Bxe5 20. b3 Rb4 21. Rd2 Qb7 22. Rcc2 Rd4 23. Qe2 Ra6 24. Qf3 Rxd2 25. Rxd2 Qb4 1/2-1/2

[Event "ESP-ch U18"]
[Site "Padron"]
[Date "2008.07.30"]
[Round "6"]
[White "Pintor Munoz, Antonio"]
[Black "Mestre Bellido, Hector"]
[Result "1/2-1/2"]
[WhiteElo "2076"]
[BlackElo "2284"]
[PlyCount "69"]
[EventDate "2008.07.27"]
[EventType "swiss"]
[EventRounds "9"]
[EventCountry "ESP"]
[SourceTitle "CBM 125 Extra"]
[Source "ChessBase"]
[SourceDate "2008.09.01"]
[SourceVersion "1"]
[SourceVersionDate "2008.09.01"]
[SourceQuality "1"]

1. d4 d5 2. c4 c6 3. Nc3 Nf6 4. cxd5 cxd5 5. Bf4 Nc6 6. e3 Bf5 7. Qb3 Qb6 8. Qxb6 axb6 9. Bb5 e6 10. Nf3 Bb4 11. 0-0 0-0 12. Rfc1 Rac8 13. Nh4 Bg6 14. Nxg6 hxg6 15. Na4 Na7 16. Bd3 Nd7 17. a3 Be7 18. Rc7 Rxc7 19. Bxc7 b5 20. Nc3 Rc8 21. Bg3 Nb6 22. Nxb5 Nxb5 23. Bxb5 Rc2 24. b4 Nc4 25. Kf1 Rb2 26. Bxc4 dxc4 27. Ke1 Kf8 28. Kd1 Ke8 29. Kc1 Re2 30. Kb1 Kd7 31. Ra2 Re1+ 32. Kb2 Re2+ 33. Kb1 Re1+ 34. Kc2 Re2+ 35. Kb1 1/2-1/2

[Event "ESP-ch U16"]
[Site "Padron"]
[Date "2008.07.23"]
[Round "6"]
[White "Pintor Munoz, Antonio"]
[Black "Sanchez Gonzalez, Sergio"]
[Result "1-0"]
[WhiteElo "2076"]
[BlackElo "2228"]
[PlyCount "67"]
[EventDate "2008.07.20"]
[EventType "swiss"]
[EventRounds "9"]
[EventCountry "ESP"]
[SourceTitle "EXT 2010"]
[Source "ChessBase"]
[SourceDate "2010.11.25"]
[SourceVersion "1"]
[SourceVersionDate "2010.11.25"]
[SourceQuality "1"]

1. d4 Nf6 2. c4 e6 3. Nc3 Bb4 4. e3 0-0 5. Nge2 d5 6. a3 Be7 7. cxd5 exd5 8. g3 c6 9. Bg2 Bf5 10. 0-0 Nbd7 11. f3 Nb6 12. e4 dxe4 13. fxe4 Bg4 14. h3 Bxe2 15. Nxe2 c5 16. Be3 Rc8 17. Rc1 Nfd7 18. e5 cxd4 19. Bxd4 Nc5 20. Nf4 Qd7 21. b4 Nca4 22. Bxb6 Nxb6 23. Qxd7 Nxd7 24. Nd5 Bg5 25. Rxc8 Rxc8 26. h4 Bd8 27. Bh3 Rc4 28. Bxd7 Rd4 29. Be8 f6 30. Nf4 Bb6 31. Kg2 fxe5 32. Ne6 Rd2+ 33. Kh3 Bf2 34. Rc1 1-0

[Event "ESP-ch U16"]
[Site "Padron"]
[Date "2008.07.22"]
[Round "4"]
[White "Pintor Munoz, Antonio"]
[Black "Herrera Reyes, Jose Antonio"]
[Result "1-0"]
[WhiteElo "2076"]
[BlackElo "2145"]
[PlyCount "71"]
[EventDate "2008.07.20"]
[EventType "swiss"]
[EventRounds "9"]
[EventCountry "ESP"]
[SourceTitle "EXT 2010"]
[Source "ChessBase"]
[SourceDate "2010.11.25"]
[SourceVersion "1"]
[SourceVersionDate "2010.11.25"]
[SourceQuality "1"]

1. d4 d5 2. c4 c6 3. Nc3 e6 4. e4 Bb4 5. e5 Ne7 6. Nf3 h6 7. Bd3 dxc4 8. Bxc4 b5 9. Bd3 Nd7 10. 0-0 Nd5 11. Nxd5 exd5 12. a3 Be7 13. e6 fxe6 14. Bg6+ Kf8 15. Ne5 Nxe5 16. dxe5 Kg8 17. b4 Bd7 18. Be3 Be8 19. Qg4 Qd7 20. Rac1 Bxg6 21. Qxg6 a5 22. f4 Rf8 23. f5 exf5 24. e6 Qe8 25. Qxe8 Rxe8 26. bxa5 Bd6 27. Rxc6 Bxa3 28. Rxf5 Kh7 29. Rxd5 b4 30. Bc5 Ra8 31. a6 Rhb8 32. e7 Re8 33. Rf5 g6 34. Rf7+ Kg8 35. Rf8+ Kh7 36. Rcf6 1-0

[Event "ESP-ch U14"]
[Site "Padron"]
[Date "2008.07.16"]
[Round "6"]
[White "Pintor Munoz, Antonio"]
[Black "Rioboo de la Riva, Alvaro"]
[Result "1-0"]
[WhiteElo "2076"]
[BlackElo "1964"]
[PlyCount "73"]
[EventDate "2008.07.13"]
[EventType "swiss"]
[EventRounds "9"]
[EventCountry "ESP"]
[SourceTitle "CBM 125 Extra"]
[Source "ChessBase"]
[SourceDate "2008.09.01"]
[SourceVersion "1"]
[SourceVersionDate "2008.09.01"]
[SourceQuality "1"]

1. d4 e6 2. c4 f5 3. g3 Nf6 4. Bg2 Be7 5. Nf3 d6 6. 0-0 0-0 7. b4 Qe8 8. Bb2 Nbd7 9. Nc3 Ne4 10. Nxe4 fxe4 11. Nd2 d5 12. cxd5 exd5 13. Qb3 Qf7 14. f3 e3 15. f4 Nf6 16. Nf3 c6 17. b5 Ng4 18. bxc6 bxc6 19. Ne5 Qh5 20. Nxg4 Bxg4 21. Qxe3 Rab8 22. Ba3 Bxa3 23. Qxa3 Bxe2 24. Rfb1 Rbe8 25. Re1 g5 26. fxg5 Qxg5 27. Qc1 Qf6 28. Qd2 Qf2+ 29. Kh1 Re3 30. Rab1 Kg7 31. Rb2 Rxg3 32. Qxe2 Rxg2 33. Qe7+ Kh6 34. Rxf2 Rfxf2 35. Re6+ Kh5 36. Qxh7+ Kg4 37. Rg6+ 1-0

[Event "ESP-ch U14"]
[Site "Padron"]
[Date "2008.07.13"]
[Round "1"]
[White "Freire Vazquez, Cristian"]
[Black "Pintor Munoz, Antonio"]
[Result "0-1"]
[WhiteElo "1623"]
[BlackElo "2076"]
[PlyCount "80"]
[EventDate "2008.07.13"]
[EventType "swiss"]
[EventRounds "9"]
[EventCountry "ESP"]
[SourceTitle "CBM 125 Extra"]
[Source "ChessBase"]
[SourceDate "2008.09.01"]
[SourceVersion "1"]
[SourceVersionDate "2008.09.01"]
[SourceQuality "1"]

1. e4 e6 2. d4 d5 3. e5 c5 4. c3 Qb6 5. Nf3 Nc6 6. Be2 Nh6 7. 0-0 cxd4 8. cxd4 Nf5 9. Nc3 Nfxd4 10. Nxd4 Qxd4 11. Qxd4 Nxd4 12. Bd3 Bd7 13. Be3 Nc6 14. Bf4 Be7 15. Rfe1 0-0 16. a3 Rac8 17. Ne2 f6 18. Ng3 fxe5 19. Bxe5 Bc5 20. Kh1 Nxe5 21. Rxe5 Rxf2 22. Rg5 Bd4 23. h3 Bxb2 24. Rb1 Rc1+ 25. Rxc1 Bxc1 26. Rg4 Rf4 27. Rg5 Rd4 28. Ne2 Rxd3 29. Nxc1 Rd1+ 30. Kh2 Rxc1 31. Rg3 d4 32. Rg4 e5 33. Re4 d3 34. Rxe5 d2 35. Re3 d1Q 36. Rf3 Qd6+ 37. Rg3 Rc3 38. Kg1 Qxg3 39. Kf1 Rc2 40. h4 Qf2# 0-1

[Event "ESP-ch U14"]
[Site "Padron"]
[Date "2008.07.13"]
[Round "2"]
[White "Pintor Munoz, Antonio"]
[Black "Rodriguez Lapetra, Pablo"]
[Result "1-0"]
[WhiteElo "2076"]
[BlackElo "1773"]
[PlyCount "85"]
[EventDate "2008.07.13"]
[EventType "swiss"]
[EventRounds "9"]
[EventCountry "ESP"]
[SourceTitle "CBM 125 Extra"]
[Source "ChessBase"]
[SourceDate "2008.09.01"]
[SourceVersion "1"]
[SourceVersionDate "2008.09.01"]
[SourceQuality "1"]

1. d4 Nf6 2. Bg5 g6 3. Bxf6 exf6 4. c4 Bg7 5. Nc3 0-0 6. g3 d6 7. Bg2 Nc6 8. e3 Re8 9. Nge2 f5 10. 0-0 Bd7 11. Rb1 Qc8 12. b4 Nd8 13. c5 dxc5 14. bxc5 c6 15. Qd2 Ne6 16. Rb4 Qc7 17. Rfb1 Bc8 18. Na4 Ng5 19. Nb2 Ne4 20. Qc2 Bf8 21. Nc4 f6 22. Qb2 Kg7 23. Ra4 a6 24. Nb6 Rb8 25. Nxc8 Qxc8 26. h4 Qc7 27. Rb4 Re7 28. Rb6 a5 29. Nf4 g5 30. hxg5 fxg5 31. d5+ Qe5 32. Ne6+ Rxe6 33. dxe6 Qxb2 34. R1xb2 Nxc5 35. Bxc6 Kf6 36. Bd7 Ke7 37. R2b5 Kd8 38. Rxa5 Kc7 39. Rbb5 b6 40. Ra7+ Kd6 41. a4 h6 42. a5 Be7 43. Rxb6+ 1-0

[Event "Andalucia-ch U18"]
[Site "Motril"]
[Date "2008.03.15"]
[Round "2.8"]
[White "Camacho Vargas, Francisco"]
[Black "Pintor Munoz, Antonio"]
[Result "0-1"]
[WhiteElo "2045"]
[BlackElo "1980"]
[PlyCount "64"]
[EventDate "2008.03.14"]
[EventType "swiss"]
[EventRounds "8"]
[EventCountry "ESP"]
[SourceTitle "EXT 2024"]
[Source "ChessBase"]
[SourceDate "2023.10.10"]
[SourceVersion "1"]
[SourceVersionDate "2023.10.10"]
[SourceQuality "1"]

1. e4 e6 2. c4 d5 3. cxd5 exd5 4. exd5 Nf6 5. d4 Bb4+ 6. Nc3 Qe7+ 7. Be2 Nxd5 8. Bd2 Be6 9. Nf3 Nc6 10. 0-0 0-0 11. Qc2 Rad8 12. Rad1 h6 13. Rfe1 Qd7 14. Bb5 Bxc3 15. bxc3 Nb6 16. Ne5 Qd6 17. Bxc6 bxc6 18. Bf4 Qd5 19. Re3 Nc4 20. Nxc4 Qxc4 21. Rg3 Kh8 22. Qd2 Kh7 23. Rxg7+ Kxg7 24. Bxh6+ Kh7 25. Qg5 Rg8 26. Qh4 Rg4 27. Qh5 Rd5 28. Bg5+ Kg8 29. Rb1 Rb5 30. Rxb5 Qxb5 31. h4 Qd5 32. f3 Qxf3 0-1

[Event "ESP-ch U12"]
[Site "Linares"]
[Date "2007.07.12"]
[Round "7"]
[White "Pintor Munoz, Antonio"]
[Black "Meneses Gonzalez, Kevin Moises"]
[Result "0-1"]
[WhiteElo "1983"]
[BlackElo "1850"]
[PlyCount "108"]
[EventDate "2007.07.08"]
[EventType "swiss"]
[EventRounds "9"]
[EventCountry "ESP"]
[SourceTitle "EXT 2008"]
[Source "ChessBase"]
[SourceDate "2007.11.25"]
[SourceVersion "1"]
[SourceVersionDate "2007.11.25"]
[SourceQuality "1"]

1. c4 Nf6 2. Nc3 d6 3. g3 g6 4. Bg2 Bg7 5. Nf3 0-0 6. 0-0 e5 7. d3 c6 8. Rb1 a5 9. a3 Re8 10. b4 axb4 11. axb4 d5 12. cxd5 Nxd5 13. Bd2 Nxc3 14. Bxc3 e4 15. Bxg7 exf3 16. Bxf3 Kxg7 17. b5 cxb5 18. Rxb5 Ra5 19. Qb3 Rxb5 20. Qxb5 Qd7 21. Qb4 Nc6 22. Qb2+ Qd4 23. Qb3 Qf6 24. Qb5 Rd8 25. Bxc6 bxc6 26. Qb6 Bh3 27. Rc1 Ra8 28. f3 Ra2 29. Kf2 Rb2 30. Qe3 Bd7 31. Rc4 Rb5 32. g4 h5 33. h3 Qe5 34. Re4 Qh2+ 35. Ke1 Qg3+ 36. Kd2 Be6 37. Qd4+ Kh7 38. Qf6 Qd6 39. Rd4 Rd5 40. Ra4 Qe5 41. Qe7 Ra5 42. Re4 Qg5+ 43. Qxg5 Rxg5 44. Ra4 Rb5 45. Ra6 Rc5 46. Ke3 Rc2 47. Kf2 Kh6 48. Ra5 c5 49. Kg3 Rxe2 50. Rxc5 Re3 51. Rc3 Bd5 52. Kf4 Rxf3+ 53. Ke5 Be6 54. gxh5 Kxh5 0-1

[Event "ESP-ch U12"]
[Site "Linares"]
[Date "2007.07.10"]
[Round "5"]
[White "Pintor Munoz, Antonio"]
[Black "Santos Latasa, Jaime"]
[Result "0-1"]
[WhiteElo "1983"]
[BlackElo "1913"]
[PlyCount "138"]
[EventDate "2007.07.08"]
[EventType "swiss"]
[EventRounds "9"]
[EventCountry "ESP"]
[SourceTitle "EXT 2008"]
[Source "ChessBase"]
[SourceDate "2007.11.25"]
[SourceVersion "1"]
[SourceVersionDate "2007.11.25"]
[SourceQuality "1"]

1. d4 Nf6 2. Bg5 d5 3. Bxf6 gxf6 4. e3 c5 5. Nc3 e6 6. Nf3 Nc6 7. Bb5 cxd4 8. exd4 Bd7 9. Qe2 Qa5 10. 0-0 0-0-0 11. a3 Kb8 12. Bxc6 Bxc6 13. b4 Qc7 14. Rfb1 Rc8 15. Rb2 Bd7 16. Rb3 Bd6 17. b5 Qa5 18. Qd3 h5 19. Nd1 Rc4 20. Ne3 Rhc8 21. Qh7 Rc3 22. Qxf7 Rxb3 23. cxb3 Qc3 24. Rb1 Bxb5 25. Nf1 Bxa3 26. Qxf6 Qd3 27. Re1 Bb4 28. Qe5+ Ka8 29. Rc1 Rb8 30. Qe3 Qxe3 31. Nxe3 a5 32. h3 Rd8 33. g4 hxg4 34. hxg4 Be2 35. Ne5 Rg8 36. Rc2 Bb5 37. f4 a4 38. Ra2 Bc3 39. Nf3 Rf8 40. Ng2 Bd3 41. Rxa4+ Kb8 42. Kf2 Bb5 43. Ra2 Bb4 44. g5 Bd6 45. Ke3 Be8 46. Nfh4 Bh5 47. Nf3 Bg6 48. Nfh4 Be4 49. Nf3 Bb1 50. Rb2 Be4 51. Ne5 Bxe5 52. dxe5 Rh8 53. Kd4 Rh2 54. g6 Bxg6 55. Kc3 Be4 56. Ne3 d4+ 57. Kxd4 Rxb2 58. Kxe4 Kc7 59. f5 exf5+ 60. Kxf5 Rxb3 61. Nd5+ Kc6 62. Ke6 b5 63. Ne7+ Kc5 64. Nc8 Re3 65. Ne7 Rd3 66. Ng6 Rd4 67. Kf5 Rd1 68. e6 Kd6 69. e7 Re1 0-1

[Event "ESP-ch U12"]
[Site "Linares"]
[Date "2007.07.10"]
[Round "4"]
[White "Valhondo Morales, Ruben"]
[Black "Pintor Munoz, Antonio"]
[Result "0-1"]
[WhiteElo "1716"]
[BlackElo "1869"]
[PlyCount "44"]
[EventDate "2007.07.08"]
[EventType "swiss"]
[EventRounds "9"]
[EventCountry "ESP"]
[SourceTitle "EXT 2008"]
[Source "ChessBase"]
[SourceDate "2007.11.25"]
[SourceVersion "1"]
[SourceVersionDate "2007.11.25"]
[SourceQuality "1"]

1. d4 Nf6 2. c4 e6 3. Nc3 Bb4 4. Nf3 c5 5. e3 b6 6. Bd3 Bb7 7. 0-0 0-0 8. Re1 d5 9. a3 Bxc3 10. bxc3 Ne4 11. Qc2 Nd7 12. Nd2 Ndf6 13. f3 Nxd2 14. Bxd2 Re8 15. cxd5 exd5 16. Rac1 Rc8 17. Qb1 h6 18. Bc2 Qd6 19. Re2 cxd4 20. cxd4 Qxa3 21. Bb4 Qa6 22. Bd3 Rxc1+ 0-1

[Event "ESP-ch U12"]
[Site "Linares"]
[Date "2007.07.09"]
[Round "3"]
[White "Pintor Munoz, Antonio"]
[Black "Esteve Cantero, Marc"]
[Result "1-0"]
[WhiteElo "1869"]
[BlackElo "1417"]
[PlyCount "41"]
[EventDate "2007.07.08"]
[EventType "swiss"]
[EventRounds "9"]
[EventCountry "ESP"]
[SourceTitle "EXT 2008"]
[Source "ChessBase"]
[SourceDate "2007.11.25"]
[SourceVersion "1"]
[SourceVersionDate "2007.11.25"]
[SourceQuality "1"]

1. c4 e6 2. e4 c6 3. d4 d5 4. Nc3 dxe4 5. Nxe4 Nf6 6. Nxf6+ Qxf6 7. Nf3 Bb4+ 8. Bd2 Bxd2+ 9. Qxd2 Nd7 10. Bd3 0-0 11. Qe3 h6 12. 0-0-0 a6 13. Qe4 g6 14. h4 Qf5 15. Qe3 Qh5 16. Qf4 Kg7 17. Ng5 hxg5 18. hxg5 Qxh1 19. Rxh1 Rh8 20. Rxh8 Kxh8 21. Qxf7 1-0

[Event "ESP-ch U12"]
[Site "Banos de Montemayor"]
[Date "2006.07.12"]
[Round "7.2"]
[White "Pintor Munoz, Antonio"]
[Black "Pardo Simon, David"]
[Result "0-1"]
[WhiteElo "1960"]
[BlackElo "2078"]
[PlyCount "62"]
[EventDate "2006.07.02"]
[EventType "swiss"]
[EventRounds "8"]
[EventCountry "ESP"]
[SourceTitle "EXT 2024"]
[Source "ChessBase"]
[SourceDate "2023.10.10"]
[SourceVersion "1"]
[SourceVersionDate "2023.10.10"]
[SourceQuality "1"]

1. d4 b6 2. e4 Bb7 3. Nc3 e6 4. Nf3 Bb4 5. Bd3 Nf6 6. Qe2 d5 7. e5 Ne4 8. Bd2 Nxd2 9. Qxd2 Be7 10. Ne2 Ba6 11. 0-0 Bxd3 12. Qxd3 0-0 13. Nd2 f6 14. f4 f5 15. Kh1 c5 16. g4 g6 17. gxf5 Rxf5 18. Qh3 Qd7 19. Ng3 Rf8 20. Rae1 Nc6 21. Qh6 Nxd4 22. Rg1 Qe8 23. c3 Nf5 24. Nxf5 Rxf5 25. Rg2 Kh8 26. Qh3 Qf7 27. Reg1 Rg8 28. Nf1 Rxf4 29. Rg3 Rf8 30. Nd2 Rh4 31. Qg2 Qf2 0-1